[Event "ARM-ch Club 2018"]
[Site "Yerevan"]
[Date "2018.06.09"]
[Round "2"]
[White "Khojayan, Vardan"]
[Black "Bakunts, Rafael"]
[Result "0-1"]
[WhiteElo "2253"]
[BlackElo "2395"]
[Annotator "NA"]
[PlyCount "88"]
[EventDate "2018.??.??"]
[EventCountry "ARM"]
[SourceTitle "playchess.com"]
[Source "ChessBase"]
[SourceQuality "1"]
[TimeControl "5400+30"]

1. d4 {[%emt 0:00:00]} d5 {[%emt 0:06:29]} 2. Nf3 {[%emt 0:00:09]} Nf6 {[%emt 0:00:25]} 3. c4 {[%emt 0:00:07]} c6 {[%emt 0:01:23]} 4. e3 {[%emt 0:00:19]} e6 {[%emt 0:00:20]} 5. Bd3 {[%emt 0:01:33]} dxc4 {[%emt 0:00:30]} 6. Bxc4 {[%emt 0:00:06]} Nbd7 {[%emt 0:00:07]} 7. O-O {[%emt 0:01:12]} Bd6 {[%emt 0:00:19]} 8. Re1 {[%emt 0:12:48]} O-O {[%emt 0:01:25]} 9. e4 {[%emt 0:13:17]} e5 {[%emt 0:00:24]} 10. Bg5 {[%emt 0:07:51]} Qe7 {[%emt 0:10:40]} 11. Nc3 {[%emt 0:08:41]} Re8 {[%emt 0:07:05]} 12. d5 {[%emt 0:07:30] D46: Semi-Slav: 5 e3 Nbd7 6 Bd3, Black avoids the Meran} h6 {[%emt 0:05:19]} 13. Bh4 {[%emt 0:01:57]} Nb6 {[%emt 0:02:52]} 14. Bb3 {[%emt 0:03:49]} Bg4 {[%emt 0:03:04]} (14... cxd5 15. exd5 Bf5 16. Nb5 Nbd7 17. Rc1 Nc5 18. Nfd4 Bg6 19. Bc2 e4 {1-0 (45) Schenk,A (2497)-Schwalfenberg,J (2335) Germany 2006}) 15. h3 {[%emt 0:07:41]} Bh5 $146 {[%emt 0:02:21]} ({Predecessor:} 15... Bd7 16. Rc1 Rac8 17. Qe2 Bb4 18. Red1 Bd6 19. Qd2 cxd5 20. Bxd5 {½-½ (31) Szabo,P (1990)-Misetane Burjan,A Hungary 2010}) 16. dxc6 {[%emt 0:03:02]} bxc6 {[%emt 0:01:00]} 17. g4 {[%emt 0:01:48]} Bg6 {[%emt 0:00:35]} 18. Bg3 {[%emt 0:01:00]} Nbd7 {[%emt 0:11:51]} 19. Nh4 {[%emt 0:02:35]} Bh7 {[%emt 0:02:20]} 20. Nf5 {[%emt 0:03:23]} Bxf5 {[%emt 0:00:15]} 21. exf5 {[%emt 0:00:21]} Nc5 {[%emt 0:02:27]} 22. h4 {[%emt 0:05:22]} Nxb3 {[%emt 0:05:24]} 23. axb3 {[%emt 0:00:22]} Nd5 {[%emt 0:00:07]} 24. Nxd5 {[%emt 0:01:41]} cxd5 {[%emt 0:00:16]} 25. Qxd5 {[%emt 0:00:19]} Rad8 {[%emt 0:00:17]} 26. Qe4 {[%emt 0:01:20]} Bb4 {[%emt 0:06:00]} 27. Red1 {[%emt 0:00:49]} a5 {[%emt 0:00:17]} 28. Rac1 {[%emt 0:00:40]} Bd2 {[%emt 0:03:02]} 29. Rc4 {[%emt 0:00:46]} Bf4 {[%emt 0:01:27]} 30. Rxd8 {[%emt 0:02:23]} Qxd8 {[%emt 0:00:13]} 31. Kg2 {[%emt 0:01:12]} Bxg3 {[%emt 0:00:29]} 32. Kxg3 {[%emt 0:00:12]} Qd1 {[%emt 0:01:05]} 33. Rc3 {[%emt 0:02:49]} Rd8 $11 {[%emt 0:04:52]} 34. Qf3 {[%emt 0:03:44]} Qg1+ {[%emt 0:01:35]} 35. Qg2 {[%emt 0:01:09]} Qb1 {[%emt 0:00:21]} 36. Qc6 {[%emt 0:01:40]} e4 {[%emt 0:03:11]} 37. Qb6 {[%emt 0:01:31]} Qg1+ {[%emt 0:02:56]} 38. Kf4 {[%emt 0:01:06]} Qh2+ {[%emt 0:00:32]} 39. Rg3 {[%emt 0:01:56]} Qxh4 {[%emt 0:00:26]} 40. Kxe4 {[%emt 0:01:11]} Re8+ {[%emt 0:02:37]} 41. Kf3 {[%emt 0:00:30]} Qh1+ {[%emt 0:00:38]} 42. Rg2 {[%emt 0:00:03]} h5 {[%emt 0:01:00]} 43. Qd4 {[%emt 0:00:58]} h4 {[%emt 0:02:36]} 44. Qd7 {[%emt 0:00:28]} Rf8 {[%emt 0:00:42]} 0-1